000 00771nam a2200289Ia 4500
005 20260324134207.0
008 008 260324s9999 xx 000 0 eng d
020 _a9781003556398
037 _aEBOOK
040 _aCRL
040 _beng
040 _cCRL
041 _2eng
041 _aeng
084 _qCRL
100 _aLuis García-Ballester; Lluís Cifuentes; Montserrat Cabré; Jon Arrizabalaga
_91195921
245 0 _aGalen and Galenism
245 0 _bTheory and Medical Practice from Antiquity to the European Renaissance
260 _bTaylor and Francis
260 _c2002
365 _a
365 _b230
856 _uhttp://www.taylorfrancis.com/books/9781003556398
942 _cEBOOK
999 _c1795717
_d1795717